00444nam a2200145Ia 45000010005000000080041000050200022000460820019000681000018000872450111001052600033002165900007002499010027002569990015002833039241024s9999 xx 000 0 und d a978-9945-8872-1-1 aRD/370.4/C932b a[*SIN AUTOR*] 0aLa crisis educativa y el modelo económico-político en República Dominicana / Bosch Matias compilador bFundación Juan Boschc2013 asi a23/7/2013 8:08:44 a.m. c9254d9254